000 00839nam a2200229Ii 4500
003 JO-AjNU
008 230605s9999||||xx |||||||||||||| ||und||
017 _a2003/3/425
020 _a978-9957-07-298-6
040 _aJO-AjNU
_bara
_erda
_cJO-AjNU
041 _aara
050 1 4 _aBF721.2013
100 3 _aالعارضة، محمد عبد الله؛ جابر،جابر عبد الحميد/تقديم,
_eauthor
_942813
245 0 0 _aالنمو المعرفي لطفل ما قبل المدرسة :نظرياته وتطبيقاته
250 _aط2
264 3 1 _aعمان:دار الفكر ناشرون وموزعون ،2013
300 _a304ص
336 _atext
_btxt
_2rdacontent
337 _aunmediated
_bn
_2rdamedia
338 _avolume
_bnc
_2rdacarrier
650 4 _aالتربية-تعليم ما قبل المدرسة
_942814
999 _aA18360
_c21928
_d21928